000 00597nam a22002177a 4500
003 OSt
005 20210421063012.0
008 201215s1968 ||||| |||| 00| 0 eng d
040 _aeng
_beng
_cDLC
041 _aeng
080 _a821.111
_bL-36
100 _aLathen.Emma
_9504
245 _aA Stitch in Time
_c/ by: The Macmillan Company
250 _a1st edition
260 _aNew York
_bThe Macmillan Company
_c1968
300 _a185 p.
365 _b4.50 usd
650 0 _9247
_aEnglish literature
653 _aინგლისური ლიტერატურა
942 _2udc
_cBK
_e1
999 _c645
_d645